[Event "Quebec op"]
[Site "Chess.com"]
[Date "2020.07.30"]
[Round "6.11"]
[White "Couture, Jonathan"]
[Black "Fortin, Anne-Esmee"]
[Result "1-0"]
[WhiteElo "1853"]
[BlackElo "1339"]
[PlyCount "61"]
[EventDate "2020.07.25"]
[EventType "swiss"]
[EventRounds "7"]
[EventCountry "CAN"]

1. e4 e5 2. Nf3 Nc6 3. Bc4 Bc5 4. b4 Bxb4 5. c3 Ba5 6. d4 exd4 7. O-O Nge7 8.
cxd4 d5 9. exd5 Nxd5 10. Qb3 Nce7 11. Ba3 O-O 12. Bxd5 Qxd5 13. Bxe7 Qxb3 14.
axb3 Re8 15. Rxa5 Rxe7 16. Nc3 c6 17. Rfa1 a6 18. Re5 Rxe5 19. Nxe5 Be6 20. Ne2
f6 21. Nc4 Bxc4 22. bxc4 b5 23. d5 a5 24. dxc6 b4 25. Nd4 a4 26. c7 a3 27. Nc6
Kf7 28. Nb8 b3 29. c8=Q b2 30. Re1 a2 31. Qe8# 1-0

[Event "Quebec op"]
[Site "Chess.com"]
[Date "2020.07.30"]
[Round "6.12"]
[White "Li, Jake Chi Hang"]
[Black "Bilodeau-Savaria, Carl-William"]
[Result "0-1"]
[WhiteElo "1008"]
[BlackElo "1766"]
[PlyCount "86"]
[EventDate "2020.07.25"]
[EventType "swiss"]
[EventRounds "7"]
[EventCountry "CAN"]

1. d4 d5 2. c4 e6 3. Nc3 Nf6 4. e3 c6 5. Nf3 Bd6 6. c5 Be7 7. Bd3 Nbd7 8. O-O
b6 9. b4 Qc7 10. Qb3 a5 11. Qa3 Bb7 12. e4 axb4 13. Qxb4 bxc5 14. Qb1 cxd4 15.
Nxd4 O-O 16. exd5 cxd5 17. Ncb5 Qb8 18. g3 Rc8 19. Bf4 e5 20. Nf5 Bf8 21. Bd2
Ba6 22. Nc3 Qxb1 23. Bxb1 g6 24. Nh4 Bxf1 25. Kxf1 Nc5 26. Bg5 Nb3 27. Nd1 Nxa1
28. Ke2 Ne4 29. Be3 Nc2 30. Bb6 Nd4+ 31. Bxd4 exd4 32. Nf3 Nc3+ 33. Nxc3 dxc3
34. Kd3 Rxa2 35. Bxa2 c2 36. Bxd5 c1=Q 37. Ne5 Rd8 38. Ke4 Qe1+ 39. Kd4 Qd1+
40. Nd3 Rxd5+ 41. Kxd5 Qxd3+ 42. Ke5 f5 43. f4 Qd6# 0-1

[Event "Quebec op"]
[Site "Chess.com"]
[Date "2020.07.30"]
[Round "6.13"]
[White "Duval, Mathieu"]
[Black "Bilodeau-Savaria, Karl"]
[Result "1-0"]
[WhiteElo "1363"]
[BlackElo "759"]
[PlyCount "63"]
[EventDate "2020.07.25"]
[EventType "swiss"]
[EventRounds "7"]
[EventCountry "CAN"]

1. d4 d5 2. c4 e6 3. cxd5 exd5 4. Nf3 Nf6 5. Nc3 c6 6. Bg5 Be7 7. e3 Be6 8. Bd3
Nbd7 9. O-O O-O 10. Qc2 g6 11. Bh6 Re8 12. Rac1 Bf8 13. Bxf8 Nxf8 14. Qb3 Qe7
15. Ne5 N8d7 16. Qxb7 Nxe5 17. Qxe7 Rxe7 18. dxe5 Ng4 19. Ne2 Nxe5 20. Ba6 Rb8
21. f4 Rxb2 22. fxe5 Rxe2 23. Bxe2 Bd7 24. Rb1 a5 25. Rb8+ Kg7 26. Rb7 a4 27.
Bg4 Rxe5 28. Rxd7 Rxe3 29. Rfxf7+ Kh6 30. h4 Re1+ 31. Kh2 Re4 32. Rxh7# 1-0

[Event "Quebec op"]
[Site "Chess.com"]
[Date "2020.07.30"]
[Round "6.14"]
[White "Zhao, Alex"]
[Black "Langlois, Emanuel"]
[Result "1-0"]
[WhiteElo "1124"]
[BlackElo "1290"]
[PlyCount "87"]
[EventDate "2020.07.25"]
[EventType "swiss"]
[EventRounds "7"]
[EventCountry "CAN"]

1. e4 e5 2. Nf3 Nf6 3. Nxe5 d6 4. Nf3 Nxe4 5. d4 Be7 6. Bd3 d5 7. Qe2 O-O 8.
O-O Re8 9. Bxe4 dxe4 10. Qxe4 Bf6 11. Qd3 Nc6 12. Be3 b6 13. Nbd2 a5 14. Rfe1
Nb4 15. Qb3 Be6 16. Qc3 Nxa2 17. Rxa2 Bxa2 18. b3 a4 19. Ra1 axb3 20. cxb3 Ra7
21. Qb2 Qa8 22. Ne1 c5 23. Nd3 Rd8 24. Nc1 cxd4 25. Bf4 d3 26. Be5 Bxe5 27.
Qxe5 Re8 28. Qc3 Re1+ 29. Nf1 Re8 30. Qxd3 Ra5 31. Qd2 Qd5 32. Rxa2 Qxd2 33.
Rxd2 Rc5 34. Na2 g6 35. b4 Rce5 36. Ne3 Ra8 37. Kf1 Re7 38. Ke2 Rea7 39. Nc3
Ra3 40. Ncd5 b5 41. Nc7 Rb8 42. Ned5 Rd8 43. Ne7+ Kh8 44. Rxd8+ 1-0

[Event "Quebec op"]
[Site "Chess.com"]
[Date "2020.07.30"]
[Round "6.15"]
[White "Guillemette, Thomas"]
[Black "Imbeault, Marc"]
[Result "0-1"]
[WhiteElo "891"]
[BlackElo "1190"]
[PlyCount "102"]
[EventDate "2020.07.25"]
[EventType "swiss"]
[EventRounds "7"]
[EventCountry "CAN"]

1. e4 c5 2. Nf3 d6 3. d4 cxd4 4. Nxd4 Nf6 5. Nc3 e6 6. Bg5 Be7 7. Be3 O-O 8. f3
Nc6 9. Bc4 a6 10. Qd2 Qc7 11. O-O-O Nxd4 12. Bxd4 Qxc4 13. Bxf6 gxf6 14. Qf4
Bd7 15. Qg3+ Kh8 16. h4 Rg8 17. Qf4 Rxg2 18. Rhg1 Rag8 19. Rxg2 Rxg2 20. Qh6
Ba4 21. Rd2 Rg1+ 22. Rd1 Rxd1+ 23. Kxd1 Qf1+ 24. Kd2 Qf2+ 25. Ne2 Bb5 26. Qe3
Qxe3+ 27. Kxe3 Bxe2 28. Kxe2 Kg7 29. Ke3 Kh6 30. Kf4 Kh5 31. Kg3 f5 32. exf5
exf5 33. Kf4 Bxh4 34. Kxf5 Bd8 35. Ke4 Kg5 36. f4+ Kg4 37. Kd5 Be7 38. Ke4 h5
39. f5 Kg3 40. Kd5 h4 41. f6 Bxf6 42. Kxd6 h3 43. c4 h2 44. c5 h1=Q 45. Kc7
Qc6+ 46. Kb8 Qxc5 47. b3 Bd4 48. a4 Qe7 49. a5 b5 50. axb6 Bxb6 51. Ka8 Qa7#
0-1

[Event "Quebec op"]
[Site "Chess.com"]
[Date "2020.07.31"]
[Round "7.2"]
[White "Huang, Qiuyu"]
[Black "Turcotte, Jonathan"]
[Result "1-0"]
[WhiteElo "2203"]
[BlackElo "2035"]
[PlyCount "113"]
[EventDate "2020.07.25"]
[EventType "swiss"]
[EventRounds "7"]
[EventCountry "CAN"]

1. e4 c6 2. d4 d5 3. exd5 cxd5 4. Bd3 Nc6 5. c3 Qc7 6. h3 g6 7. Qc2 f6 8. Ne2
e5 9. dxe5 fxe5 10. Bg5 Bg7 11. Nd2 Nge7 12. Qb3 O-O 13. Bxe7 Nxe7 14. c4 Kh8
15. cxd5 Qc5 16. Ne4 Qxd5 17. Qxd5 Nxd5 18. O-O Nf4 19. Bc4 b5 20. Bxb5 Rb8 21.
N2c3 a6 22. Bc4 Rxb2 23. Rab1 Rxb1 24. Rxb1 Bf5 25. Bxa6 Nd5 26. Rd1 Nxc3 27.
Nxc3 e4 28. Ne2 Ra8 29. Bb5 Bh6 30. a4 e3 31. f4 Bc2 32. Rc1 Bb3 33. Rc3 Bd1
34. Rxe3 Bxe2 35. Rxe2 Bxf4 36. Re7 Bd6 37. Rd7 Bc5+ 38. Kh2 Ra7 39. Rd5 Bb6
40. Kg3 Kg7 41. Kf3 Kf7 42. Rd6 Ba5 43. Ke4 Ke7 44. Rd1 Ke6 45. Bc4+ Ke7 46.
Bb5 Ke6 47. Kd4 Rc7 48. Bc4+ Kd6 49. Rb1 Ra7 50. Rb8 Ke7 51. Bb5 Kd6 52. Bc4
Ke7 53. Kc5 Bd2 54. Bb5 Ba5 55. Bc6 Rc7 56. Ra8 Bd2 57. Kb6 1-0

[Event "Quebec op"]
[Site "Chess.com"]
[Date "2020.07.31"]
[Round "7.3"]
[White "Ouellet, Maili-Jade"]
[Black "Neacsu, Catalin"]
[Result "0-1"]
[WhiteElo "2341"]
[BlackElo "1947"]
[PlyCount "158"]
[EventDate "2020.07.25"]
[EventType "swiss"]
[EventRounds "7"]
[EventCountry "CAN"]

1. d4 Nf6 2. c4 e6 3. Nf3 b6 4. g3 Ba6 5. b3 Bb7 6. Bg2 Bb4+ 7. Bd2 c5 8. Bxb4
cxb4 9. O-O d6 10. a3 bxa3 11. Nc3 O-O 12. Re1 Ne4 13. Qd3 Nf6 14. e4 d5 15. e5
Ne4 16. Nd2 Nxc3 17. Qxc3 Qe7 18. Nf1 Na6 19. Ne3 Qb4 20. Qd3 dxc4 21. bxc4
Bxg2 22. Kxg2 Qe7 23. Rxa3 Nb4 24. Qb1 a5 25. f4 Rfd8 26. Rd1 Qb7+ 27. Kg1 Rac8
28. Rb3 g6 29. Kf2 Kg7 30. g4 Kg8 31. f5 gxf5 32. gxf5 Kh8 33. f6 Rg8 34. Rg1
Rxg1 35. Qxg1 Rg8 36. Qb1 Qd7 37. Qa1 Qc6 38. Qb1 Qd7 39. Qd1 Qa4 40. Nf1 Qa2+
41. Nd2 Rg6 42. h4 h6 43. h5 Rg5 44. Qe2 Qa1 45. Nf3 Rg4 46. Qe3 Kh7 47. d5
exd5 48. cxd5 Qh1 49. Ne1 Re4 50. Qd2 Qh2+ 51. Ng2 Rxe5 52. d6 Rf5+ 53. Rf3
Rxf3+ 54. Kxf3 Qxh5+ 55. Ke3 Qe5+ 56. Kf3 Qxf6+ 57. Nf4 Qf5 58. d7 Nc6 59. d8=Q
Nxd8 60. Qxd8 Qc5 61. Nd5 Qc6 62. Kf4 Kg7 63. Ne7 Qc4+ 64. Ke3 a4 65. Nf5+ Kh7
66. Ne7 Qc5+ 67. Ke4 Qg5 68. Qe8 Qg7 69. Kd5 a3 70. Qa4 Qg2+ 71. Kd6 a2 72. Kd7
b5 73. Qb3 a1=Q 74. Qxf7+ Qgg7 75. Qf5+ Kh8 76. Kd8 Qa8+ 77. Nc8 Qab7 78. Qe6
Qxc8+ 79. Kxc8 Qg8+ 0-1

[Event "Quebec op"]
[Site "Chess.com"]
[Date "2020.07.31"]
[Round "7.4"]
[White "Potvin, Alain-Nicolas"]
[Black "Wang, Rachel"]
[Result "0-1"]
[WhiteElo "1723"]
[BlackElo "1837"]
[PlyCount "94"]
[EventDate "2020.07.25"]
[EventType "swiss"]
[EventRounds "7"]
[EventCountry "CAN"]

1. d4 d5 2. e3 Nf6 3. Bd3 e6 4. Nd2 c5 5. c3 Nc6 6. f4 c4 7. Bc2 Be7 8. Qf3 b5
9. a3 a5 10. Nh3 Bd7 11. O-O b4 12. axb4 axb4 13. Rxa8 Qxa8 14. e4 O-O 15. e5
Ne8 16. Qh5 f5 17. exf6 Nxf6 18. Qf3 bxc3 19. bxc3 Ba3 20. g4 g6 21. f5 gxf5
22. gxf5 e5 23. dxe5 Nxe5 24. Qg3+ Neg4 25. Nf2 Kh8 26. Nxg4 Nxg4 27. Bxa3 Qxa3
28. h3 Nf6 29. Qe3 Qd6 30. Qf4 Qxf4 31. Rxf4 Rb8 32. Nf3 Re8 33. Nd4 Re3 34.
Rf3 Rxf3 35. Nxf3 Kg7 36. Kf2 Ne4+ 37. Bxe4 dxe4 38. Nd4 Kf6 39. Ke3 Bxf5 40.
Kf4 Bxh3 41. Kxe4 Bg4 42. Kd5 h5 43. Kxc4 h4 44. Nc2 h3 45. Ne3 Be2+ 46. Kd4 h2
47. Nd5+ Kg5 0-1

[Event "Quebec op"]
[Site "Chess.com"]
[Date "2020.07.31"]
[Round "7.6"]
[White "Adam, Rafael"]
[Black "Zhao, Alex"]
[Result "1-0"]
[WhiteElo "2049"]
[BlackElo "1124"]
[PlyCount "115"]
[EventDate "2020.07.25"]
[EventType "swiss"]
[EventRounds "7"]
[EventCountry "CAN"]

1. d4 d5 2. c4 c6 3. Nf3 Nf6 4. e3 Bf5 5. Nbd2 e6 6. b3 Qa5 7. Bb2 Na6 8. a3
Be7 9. Be2 O-O 10. O-O Rfd8 11. Nh4 Bg6 12. Nxg6 hxg6 13. b4 Qc7 14. Rc1 Bd6
15. Nf3 Ng4 16. h3 Nh2 17. Re1 Nxf3+ 18. Bxf3 Qd7 19. e4 Bf4 20. Rc2 Nc7 21.
cxd5 cxd5 22. e5 Bg5 23. Qd3 Rdc8 24. Bc1 Bxc1 25. Rexc1 Na6 26. Be2 Qd8 27. g3
Rxc2 28. Qxc2 Qb6 29. Qc3 Rd8 30. b5 Nb8 31. a4 a5 32. Bd1 Nd7 33. Kg2 Kf8 34.
f4 Rb8 35. Bb3 Ke8 36. g4 Ke7 37. f5 gxf5 38. gxf5 Rh8 39. Qe3 Rh5 40. fxe6
Qxe6 41. Bd1 Qg6+ 42. Kh2 Rg5 43. Bg4 Kd8 44. Qc3 Rxg4 45. hxg4 Qxg4 46. Qxa5+
b6 47. Qc3 Qh4+ 48. Kg2 Qg4+ 49. Kf2 Qf4+ 50. Ke1 Qe4+ 51. Kd1 Qh1+ 52. Kc2
Qg2+ 53. Kb1 Qe4+ 54. Rc2 Qh1+ 55. Kb2 Qh6 56. Qc7+ Ke7 57. Qc6 Qxc6 58. bxc6
1-0

[Event "Quebec op"]
[Site "Chess.com"]
[Date "2020.07.31"]
[Round "7.7"]
[White "He, Jiaqi"]
[Black "Kozlov, Guennadi"]
[Result "1-0"]
[WhiteElo "1671"]
[BlackElo "1886"]
[PlyCount "103"]
[EventDate "2020.07.25"]
[EventType "swiss"]
[EventRounds "7"]
[EventCountry "CAN"]

1. e4 e6 2. d4 d5 3. e5 c5 4. c3 Nc6 5. Nf3 Qb6 6. a3 c4 7. Be2 Na5 8. Nbd2 Bd7
9. O-O Nh6 10. Rb1 Qc7 11. Re1 Be7 12. Nf1 Nf5 13. h3 Nb3 14. Bf4 Ba4 15. N3d2
O-O 16. Nxb3 Bxb3 17. Qd2 b5 18. Rec1 a5 19. Bg4 Nh4 20. Bg3 Ng6 21. Re1 Qb6
22. f4 b4 23. f5 exf5 24. Bxf5 bxc3 25. bxc3 Bxa3 26. Qe2 Ne7 27. Bg4 Qg6 28.
Ra1 Bb4 29. cxb4 axb4 30. Rxa8 Rxa8 31. e6 f6 32. Bh5 Qc2 33. Bd6 Qxe2 34. Rxe2
Kf8 35. Bf3 Bd1 36. Re1 Bxf3 37. gxf3 b3 38. Ne3 b2 39. Bxe7+ Kxe7 40. Nxd5+
Kd6 41. Nc3 Ra1 42. Kf2 Rxe1 43. Kxe1 Kxe6 44. Kd2 g5 45. Kc2 f5 46. Kxb2 h5
47. Kc2 g4 48. fxg4 fxg4 49. hxg4 h4 50. Ne2 h3 51. Kc3 h2 52. Ng3 1-0

[Event "Quebec op"]
[Site "Chess.com"]
[Date "2020.07.31"]
[Round "7.8"]
[White "He, Zekai"]
[Black "Couture, Jonathan"]
[Result "0-1"]
[WhiteElo "1575"]
[BlackElo "1853"]
[PlyCount "106"]
[EventDate "2020.07.25"]
[EventType "swiss"]
[EventRounds "7"]
[EventCountry "CAN"]

1. e4 Nf6 2. Nc3 e5 3. Nf3 Nc6 4. Bc4 Nxe4 5. Nxe4 d5 6. Bd3 dxe4 7. Bxe4 Bd6
8. O-O O-O 9. d3 Ne7 10. d4 f5 11. dxe5 fxe4 12. exd6 exf3 13. dxe7 Qxe7 14. g3
Qe6 15. Kh1 Qh3 16. Rg1 Bg4 17. Qd5+ Kh8 18. Qg5 Rf5 19. Qh4 Qxh4 20. gxh4 Bh3
21. Rg5 Re8 22. Be3 h6 23. Rxf5 Bxf5 24. c3 Bh3 25. Rd1 Rxe3 26. fxe3 f2 27. e4
f1=Q+ 28. Rxf1 Bxf1 29. Kg1 Bd3 30. e5 Kg8 31. Kf2 Kf7 32. Ke3 Bb1 33. a3 c5
34. b4 Ke6 35. Kf4 cxb4 36. axb4 b5 37. h3 Bf5 38. h5 Bxh3 39. Ke4 Bg4 40. Kd4
Bxh5 41. Kc5 Be2 42. Kc6 h5 43. Kb7 h4 44. Kxa7 h3 45. c4 Bxc4 46. Kb6 h2 47.
Kc5 h1=Q 48. Kb6 Qd5 49. Ka5 Kd7 50. e6+ Kxe6 51. Kb6 Kd7 52. Ka5 Kc7 53. Ka6
Qa8# 0-1

[Event "Quebec op"]
[Site "Chess.com"]
[Date "2020.07.31"]
[Round "7.9"]
[White "Bilodeau-Savaria, Carl-William"]
[Black "Duval, Mathieu"]
[Result "1/2-1/2"]
[WhiteElo "1766"]
[BlackElo "1363"]
[PlyCount "78"]
[EventDate "2020.07.25"]
[EventType "swiss"]
[EventRounds "7"]
[EventCountry "CAN"]

1. d4 Nf6 2. c4 g6 3. g3 Bg7 4. Bg2 O-O 5. Nf3 d6 6. Nc3 Bf5 7. Nh4 Bc8 8. O-O
Nbd7 9. h3 c5 10. Be3 cxd4 11. Bxd4 Nb6 12. b3 Rb8 13. Qd2 h5 14. Rad1 a6 15.
Rfe1 Kh7 16. e4 Bh6 17. Qc2 Nbd7 18. e5 dxe5 19. Bxe5 Ra8 20. Nd5 Nxd5 21. Rxd5
e6 22. Rd3 Qb6 23. Bd4 Qa5 24. Bc3 Qb6 25. Rf3 f5 26. g4 Bg5 27. gxf5 exf5 28.
Nxf5 gxf5 29. Rg3 Bh4 30. Rg7+ Kh6 31. Qd2+ f4 32. Be4 Nb8 33. Rh7+ Kg5 34. Bd4
Qd8 35. Rg7+ Kh6 36. Rg6+ Kh7 37. Rg7+ Kh6 38. Rh7+ Kg5 39. Rg7+ Kh6 1/2-1/2

[Event "Quebec op"]
[Site "Chess.com"]
[Date "2020.07.31"]
[Round "7.10"]
[White "Dufresne, Christophe"]
[Black "Lynch, Jonathan"]
[Result "1-0"]
[WhiteElo "1586"]
[BlackElo "1682"]
[PlyCount "103"]
[EventDate "2020.07.25"]
[EventType "swiss"]
[EventRounds "7"]
[EventCountry "CAN"]

1. e3 d6 2. d4 Nd7 3. Nf3 c6 4. c4 Ngf6 5. b3 g6 6. Bb2 Bg7 7. Bd3 O-O 8. O-O
Qc7 9. Nbd2 Re8 10. Qc2 e5 11. dxe5 dxe5 12. Rad1 Nc5 13. Ne4 Nfxe4 14. Bxe4
Nxe4 15. Qxe4 Bf5 16. Qh4 Qe7 17. Qxe7 Rxe7 18. Rd2 Bg4 19. Ne1 Rd7 20. Rxd7
Bxd7 21. Nd3 e4 22. Bxg7 exd3 23. Bd4 b6 24. Rd1 c5 25. Bf6 Bf5 26. f3 Re8 27.
e4 Re6 28. exf5 Rxf6 29. fxg6 Rd6 30. gxh7+ Kxh7 31. Kf2 Kg6 32. Ke3 Kf5 33.
Rxd3 Re6+ 34. Kf2 Re7 35. h3 a6 36. g4+ Kf4 37. Rd5 Re5 38. Rxe5 Kxe5 39. h4
Kf4 40. h5 Kg5 41. f4+ Kh6 42. Ke3 f5 43. gxf5 Kxh5 44. Ke4 Kh6 45. Ke5 Kg7 46.
Kd6 Kf6 47. Kc6 b5 48. cxb5 axb5 49. Kxc5 Kxf5 50. Kxb5 Kxf4 51. a4 Ke5 52. Kc6
1-0

[Event "Quebec op"]
[Site "Chess.com"]
[Date "2020.07.31"]
[Round "7.11"]
[White "Fortin, Anne-Esmee"]
[Black "Neacsu, Theodore"]
[Result "0-1"]
[WhiteElo "1339"]
[BlackElo "1161"]
[PlyCount "168"]
[EventDate "2020.07.25"]
[EventType "swiss"]
[EventRounds "7"]
[EventCountry "CAN"]

1. e4 c5 2. c3 Nf6 3. e5 Nd5 4. d4 cxd4 5. cxd4 e6 6. Nf3 b6 7. Bc4 Bb7 8. O-O
Be7 9. Nc3 Nxc3 10. bxc3 O-O 11. Bb3 Qc7 12. Bb2 d6 13. Qd3 Ba6 14. c4 d5 15.
Rfc1 Nc6 16. Qe3 dxc4 17. Bxc4 Bxc4 18. Rxc4 b5 19. Rc2 Qd7 20. Rac1 Rfc8 21.
h3 Nb4 22. Rxc8+ Rxc8 23. Rxc8+ Qxc8 24. Qb3 Qc6 25. Ba3 Nd5 26. Bxe7 Nxe7 27.
Qa3 Qb7 28. Qd6 h6 29. Nd2 Nd5 30. Nb3 Nf4 31. f3 Ne2+ 32. Kf2 Nf4 33. Nc5 Qd5
34. Qxd5 Nxd5 35. Nb3 g5 36. g4 Nb4 37. Nc1 Kf8 38. Kg3 a5 39. f4 a4 40. fxg5
hxg5 41. h4 gxh4+ 42. Kxh4 Nc2 43. Ne2 b4 44. Kg3 b3 45. axb3 axb3 46. Kf4 b2
47. Nc3 Na3 48. Ke4 b1=Q+ 49. Nxb1 Nxb1 50. d5 exd5+ 51. Kxd5 Ke7 52. Ke4 Ke6
53. Kf4 Nd2 54. g5 Nc4 55. Ke4 Nxe5 56. Kf4 Ng6+ 57. Kg4 Ke5 58. Kh5 Kf5 59.
Kh6 Nf4 60. Kg7 Ke6 61. Kh6 Ng6 62. Kg7 Ne5 63. Kh6 Kf5 64. Kh5 Nf3 65. Kh6
Nxg5 66. Kh5 Nf3 67. Kh6 Kg4 68. Kg7 f5 69. Kf6 f4 70. Ke6 Nd2 71. Ke5 f3 72.
Kd4 f2 73. Ke3 f1=Q 74. Kxd2 Kf3 75. Kc2 Qe1 76. Kb2 Qd1 77. Ka2 Qc2+ 78. Ka1
Qc4 79. Kb1 Ke2 80. Kb2 Kd2 81. Kb1 Qb3+ 82. Ka1 Qb8 83. Ka2 Kc3 84. Ka1 Qb2#
0-1

[Event "Quebec op"]
[Site "Chess.com"]
[Date "2020.07.31"]
[Round "7.12"]
[White "Chanot, Frederic"]
[Black "Li, Jake Chi Hang"]
[Result "1-0"]
[WhiteElo "1079"]
[BlackElo "1008"]
[PlyCount "117"]
[EventDate "2020.07.25"]
[EventType "swiss"]
[EventRounds "7"]
[EventCountry "CAN"]

1. e4 c5 2. Nf3 Nc6 3. Nc3 d6 4. Bc4 Nf6 5. d4 cxd4 6. Nxd4 d5 7. Nxc6 bxc6 8.
Bd3 d4 9. Ne2 e5 10. h3 Bc5 11. g4 h6 12. f4 Bd6 13. Bd2 Qb6 14. Qc1 Rb8 15. b3
Ba6 16. g5 hxg5 17. fxg5 Bxd3 18. cxd3 Nh7 19. h4 Bb4 20. Ng3 Bxd2+ 21. Qxd2
Qb4 22. Qxb4 Rxb4 23. Nf5 f6 24. Nxg7+ Kf7 25. gxf6 Nxf6 26. Nf5 Ng4 27. Ke2
Rb7 28. Nd6+ Ke7 29. Nxb7 Rb8 30. Nc5 Rf8 31. Raf1 Rh8 32. Rfg1 Ne3 33. Rg7+
Kd6 34. b4 Nc2 35. Rxa7 Nxb4 36. Nd7 Rh7 37. Ra4 Nc2 38. Nf6 Rf7 39. Ng4 Rf4
40. Nf2 Ne3 41. h5 Rf7 42. h6 Rh7 43. Ra6 Ng2 44. a4 Nf4+ 45. Kd2 Ne6 46. Ng4
Nc7 47. Ra5 Ne6 48. Nxe5 Kc7 49. Ra7+ Kd6 50. Rxh7 Ng5 51. Nf7+ Nxf7 52. Rxf7
Ke6 53. Rhf1 c5 54. h7 Ke5 55. h8=Q+ Kd6 56. R7f5 Kc6 57. Qh6+ Kd7 58. Rf7+ Ke8
59. Qh8# 1-0

[Event "Quebec op"]
[Site "Chess.com"]
[Date "2020.07.31"]
[Round "7.13"]
[White "Wu, Ting En Ryan"]
[Black "Bilodeau-Savaria, Karl"]
[Result "0-1"]
[WhiteElo "980"]
[BlackElo "759"]
[PlyCount "104"]
[EventDate "2020.07.25"]
[EventType "swiss"]
[EventRounds "7"]
[EventCountry "CAN"]

1. e4 c5 2. Nf3 d6 3. d4 b6 4. Nc3 Nd7 5. Bb5 a6 6. Be2 cxd4 7. Nxd4 e5 8. Nf3
Ngf6 9. O-O Be7 10. Bc4 b5 11. Bb3 O-O 12. h3 Bb7 13. Re1 Nc5 14. Bd5 b4 15.
Bxb7 Nxb7 16. Nd5 Nc5 17. Nxe7+ Qxe7 18. Bg5 Rad8 19. Bxf6 Qxf6 20. Qd5 Qe6 21.
Qxe6 Nxe6 22. Rad1 f6 23. Nh4 Rd7 24. Nf5 Rfd8 25. g3 d5 26. exd5 g6 27. Ne7+
Rxe7 28. dxe6 Rxd1 29. Rxd1 Rxe6 30. Rd8+ Kf7 31. Rd7+ Re7 32. Rxe7+ Kxe7 33.
Kf1 Kd6 34. Ke2 Kd5 35. Kd3 e4+ 36. Kd2 f5 37. b3 g5 38. h4 gxh4 39. gxh4 Kd4
40. Kd1 Kc3 41. Kc1 f4 42. h5 e3 43. fxe3 fxe3 44. Kd1 Kd4 45. Ke2 a5 46. h6
Ke4 47. Ke1 Kf3 48. Kf1 e2+ 49. Ke1 Ke3 50. a4 bxa3 51. c4 a2 52. c5 a1=Q# 0-1

[Event "Quebec op"]
[Site "Chess.com"]
[Date "2020.07.31"]
[Round "7.14"]
[White "Langlois, Emanuel"]
[Black "Imbeault, Marc"]
[Result "0-1"]
[WhiteElo "1290"]
[BlackElo "1190"]
[PlyCount "33"]
[EventDate "2020.07.25"]
[EventType "swiss"]
[EventRounds "7"]
[EventCountry "CAN"]

1. d4 d5 2. Nf3 e6 3. e3 c5 4. c3 Nc6 5. Bd3 Nf6 6. Nbd2 Bd6 7. O-O O-O 8. e4
dxe4 9. Nxe4 cxd4 10. Bg5 Be7 11. Qe2 h6 12. Bh4 e5 13. Nxf6+ gxf6 14. Qe4 f5
15. Bxe7 fxe4 16. Bxd8 exf3 17. Bh4 0-1